00591nam a2200193Ia 4500008004100000050001300041050001500054100002200069245010300091245002200194260003100216260001000247260001000257300001600267300002000283300001100303500005600314521002700370170504s9999 xx 000 0 und d aQA 76.5  b.B217 2016 aBanitak, Esaly C. aSouthville international school and colleges online mentoring management system college division / cEsaly C. Banitak. aLas Piñas, Philippines : bSISC, c2016. a126 pages : billustrations ; c28 cm. aIncludes bibliographical references and appendices. aInformation Technology